1903 NL Standings - Statistics

General Stats
  • This quiz has been taken 6 times
  • The average score is 7 of 8
Answer Stats
W L PCT Team % Correct
82 56 .594 Chicago Cubs
100%
74 65 .532 Cincinnati Reds
100%
91 49 .650 *Pittsburg Pirates
100%
58 80 .420 Boston Beaneaters
83%
84 55 .604 New York Giants
83%
43 94 .314 St. Louis Cardinals
83%
49 86 .363 Philadelphia Phillies
67%
70 66 .515 Brooklyn Superbas
50%
No matching quizzes found
Score Distribution
Percent of People with Each Score
Percentile by Number Answered
Your Score History
You have not taken this quiz